000 00330nam a2200145Ia 4500
008 230718s9999 xx 000 0 und d
041 _aEng.
082 _a342.7
_bANW-C
100 _aAnwar M
245 0 _aCorporate law 2002
260 _aPakistan
_bPakistan Law Decision
_c2002
300 _a738
650 _aLaw
999 _c27553
_d27553